A precarious balance (Бичлэгийн дугаар. 146036)
| 000 -УДИРДЛАГА | |
|---|---|
| Удирдлага | 01035nam a22003257a 4500 |
| 003 - ХЯНАЛТЫН ТОО ТОДОРХОЙЛОГЧ | |
| Код | MN-UlNUM |
| 005 - БИЧИЛТ ХИЙСЭН ОГНОО | |
| Тухайн бичилтийг бичсэн засварласан сүүлийн огноо | 20260102155629.0 |
| 008 - ЕРӨНХИЙ МЭДЭЭЛЭЛ | |
| Ерөнхий мэдээлэл | 251231s1994 cauab||| |||| 001 0 eng | |
| 020 ## - ISBN | |
| ISBN | 1558153233 |
| 040 ## - БИЧЛЭГ ҮҮСГЭГЧ БАЙГУУЛЛАГА | |
| Бичлэг үүсгэгч номын сангийн код | МУИС-ийн номын сан |
| 084 ## - ББК АНГИЛАЛ | |
| Нэмэлт тусгалт | Гарын авлага |
| ББК ангилал | 65.052 |
| Зохиогчийн гурван тэмдэгт | A 10 |
| Мэдлэгийн ялгаа | 65 - Эдийн засаг |
| 245 02 - ҮНДСЭН ГАРЧИГ | |
| Номын нэр | A precarious balance |
| Оролцогчдын тухай мэдээ | edited by Joan M. Nelson. |
| 260 ## - ГАРАЛТЫН МЭДЭЭ | |
| Хэвлэгдсэн газар | San Francisco, Calif. : |
| Хэвлэлийн газар | ICS Press, |
| Хэвлэгдсэн он | 1994. |
| 300 ## - МАТЕРИАЛЫН ТОДОРХОЙЛОЛТ | |
| хуудасны тоо | 218p.: |
| Бусад тоон мэдээлэл | ill. ; |
| Хэмжээ | 23 cm. |
| 500 ## - Тайлбар | |
| Дансны дугаар | БС 4787 |
| 546 ## - ХЭЛНИЙ ТУХАЙ МЭДЭЭ | |
| Хэл | Англи хэл дээр, |
| 653 ## - Түлхүүр үг | |
| Түлхүүр үг | post-communism |
| 653 ## - Түлхүүр үг | |
| Түлхүүр үг | europe, Eastern |
| 653 ## - Түлхүүр үг | |
| Түлхүүр үг | democracy |
| 653 ## - Түлхүүр үг | |
| Түлхүүр үг | latin America |
| 653 ## - Түлхүүр үг | |
| Түлхүүр үг | case studies |
| 700 1# - ХАМ ЗОХИОГЧИД | |
| Ба бус | Nelson, Joan M. |
| 740 ## - НОМЫН ГАРЧИГ | |
| Гарчиг | Economic and Political Transitions in Latin America |
| 740 ## - НОМЫН ГАРЧИГ | |
| Гарчиг | Market-oriented Reforms and Democratization in Bolivia |
| 740 ## - НОМЫН ГАРЧИГ | |
| Гарчиг | Economic Reform, Democracy, and the Crisis of the State in Argentia |
| 740 ## - НОМЫН ГАРЧИГ | |
| Гарчиг | Democracy and Economic Reform in Brazil |
| 942 ## - ЭЛЕМЕНТИЙН ТӨРӨЛ | |
| Зүйлийн төрөл | Ном |
